000 00628nam a2200169 a 4500
001 BRCA_2129
005 20190320203659.0
008 120808s1992----mx-a---###---#000-0#spa-#
050 4 _aF1391.P8
_b.L43 74
_c1992
100 1 _aCarabarín Gracía, Alberto
_96433
245 1 0 _aTradición medieval en las técnicas del paño
_cAlberto Carabarín Gracía.
260 _aPuebla, México
_bGobierno del Estado de Puebla : Secretaría de Cultura : Comisión Puebla V Centenario
_c1992
300 _a14 p.
_bil.
_c21 cm.
440 0 _aLecturas Históricas de Puebla
_n74
_96434
651 4 _aPuebla (México)
_xHistoria
_9409
942 _2lcc
_cB
999 _c1886
_d1886